| 000 | 00472nam a22001577a 4500 | ||
|---|---|---|---|
| 082 |
_a621.11 _bANS |
||
| 100 |
_aAnsar, Amina (362708) _9132309 |
||
| 245 | _aDevelopment of MoO3/NiO Composite as an Electrode for Supercapacitor / | ||
| 264 |
_aIslamabad : _bUSPCAS-E, NUST _cAugust, 2025 |
||
| 300 |
_axii, 47 p. _e+CD |
||
| 520 | _aTH-659 | ||
| 650 | _aMS ESE Thesis | ||
| 650 |
_aMS Thesis _918721 |
||
| 700 |
_aSupervisor: Dr Mustafa Anwar _9117537 |
||
| 942 |
_2ddc _cTHE |
||
| 999 |
_c615532 _d615532 |
||